AB's guide to recent publications in the social and behavioral sciences (Record no. 357332)

000 -LEADER
fixed length control field 00400cam a22001217a 4500
008 - FIXED-LENGTH DATA ELEMENTS--GENERAL INFORMATION
fixed length control field 180718b1965 xxu||||| |||| 00| 0 eng d
082 ## - DEWEY DECIMAL CLASSIFICATION NUMBER
Classification number A2:B Am35
100 ## - MAIN ENTRY--PERSONAL NAME
Personal name American Behavioral Scientist
245 ## - TITLE STATEMENT
Title AB's guide to recent publications in the social and behavioral sciences
260 ## - PUBLICATION, DISTRIBUTION, ETC.
Place of publication, distribution, etc. New York
Name of publisher, distributor, etc. American Behavioral Scientist
Date of publication, distribution, etc. 1965
300 ## - PHYSICAL DESCRIPTION
Extent 781p.
650 ## - SUBJECT ADDED ENTRY--TOPICAL TERM
Topical term or geographic name entry element Social sciences - Bibliography
Holdings
Withdrawn status Lost status Damaged status Not for loan Permanent Location Current Location Date acquired Full call number Barcode Date last seen Price effective from Koha item type
        Indian Institute of Public Administration Indian Institute of Public Administration 1994-01-13 A2:B Am35 38600 2018-07-21 2018-07-21 Book

Powered by Koha